Womens Cycling World Tour Races 2021 - Statistics

General Stats
  • This quiz has been taken 15 times
  • The average score is 11 of 24
Answer Stats
Clue Answer % Correct
Race named for the Dutch Brewery that sponsors it. The first of three Ardennes Classics Amstel Gold Race
92%
The Hell of the North, 2021 intended to be the first running of a women's version Paris - Roubaix
92%
Australian race, named for their winner of the men's Tour de France Cadel Evans Great Ocean Road Race
85%
There and back again. The third Ardennes Classic. Liege - Bastogne - Liege
85%
The Walloon Arrow. The second Ardennes Classic La Fleche Wallonne
77%
Race in the British capital. Cancelled for 2021. RideLondon Classique
77%
Journey round the Flemish part of Belgium Ronde van Vlaanderen
69%
Previously 4 stages in 3 days, now a one day race to the Belgian coast Brugge - De Panne
62%
The white roads around Sienna Strade Bianchi
62%
Journey round a Scandinavian country Tour of Norway
62%
Stage race in northern Spain, known locally as Euskal Herriko Itzulia Itzulia Basque Country
54%
One day race in northern Spain, known in Basque as Donostia - Donostia Klasikoa San Sebastian Classic
54%
The Sprinters Classic, in Flanders Fields Gent - Wevelgem
46%
One day event which runs alongside the men's Tour de France La Course
46%
One day race in Brittany, France. GP de Plouay
31%
Journey around Great Britain. The name doesn't give much detail! The Women's Tour
31%
Italian race named after the first man to win the Tour of Italy 5 times Trofeo Alfredo Binda
31%
The final race of the World Tour, around a Chinese autonomous region Tour of Guangxi
23%
Tour of the Dutch province whose capital is Assen Ronde van Drenthe
15%
Spanish stage race named for the province in Castille and Leon in which it is held Vuelta a Burgos
15%
Three day event which runs alongside the men's Vuelta a Espana Cerazit Challenge
0%
A new name for the women's tour of the Netherlands. Previously the Boels Tour Simac Tour
0%
Race held in Shanghai, China. Named for a district on an isle Tour of Chongming Island
0%
Two day event in west Sweden, featuring a team time trial and a road race Vargarda
0%
No matching quizzes found
Score Distribution
Percent of People with Each Score
Percentile by Number Answered
Your Score History
You have not taken this quiz